Investigation on cure characteristics and magnetic properties of rubber ferric composites (Record no. 61636)

MARC details
000 -LEADER
fixed length control field 00609nam a2200205Ia 4500
100 ## - MAIN ENTRY--AUTHOR NAME
Personal name Anantharaman M R
245 #0 - TITLE STATEMENT
Title Investigation on cure characteristics and magnetic properties of rubber ferric composites
260 ## - PUBLICATION, DISTRIBUTION, ETC. (IMPRINT)
Name of publisher Plastics, Rubber and Composites Processing and Applications
Year of publication 1998
300 ## - PHYSICAL DESCRIPTION
Number of Pages 77-81
650 ## - SUBJECT ADDED ENTRY--TOPICAL TERM
Topical Term Rubber ferrite composites
700 ## - ADDED ENTRY--PERSONAL NAME
Personal name Chinnasamy C N
700 ## - ADDED ENTRY--PERSONAL NAME
Personal name Jagatheesan S
700 ## - ADDED ENTRY--PERSONAL NAME
Personal name Kurian P K
700 ## - ADDED ENTRY--PERSONAL NAME
Personal name Malini K A
700 ## - ADDED ENTRY--PERSONAL NAME
Personal name Narayanasamy A
700 ## - ADDED ENTRY--PERSONAL NAME
Personal name Sindhu S
700 ## - ADDED ENTRY--PERSONAL NAME
Personal name Vasudevan
942 ## - ADDED ENTRY ELEMENTS (KOHA)
Koha item type Journals
Holdings
Withdrawn status Lost status Damaged status Not for loan Home library Current library Shelving location Date acquired Serial Enumeration / chronology Koha item type
      Journals RRII Library RRII Library Rubber chemistry 17/12/2021 Volume 27, Issue 2 Journals